000 00583nam a2200205Ia 4500
003 GCL
008 140319s9999 xx 000 0 ara d
040 _aGCL /
_cGCL
082 0 4 _a808.83
_bو ا
100 1 _aاحمد خاكى
245 1 0 _aالامواج /
_cاحمد خاكى
700 1 _aوولف , فرجينيا
700 1 _aمراد الزمر (مترجم)
300 _a220 ص
490 _aمن الادب العالمى
_v0
650 0 4 _aالادب
650 0 4 _aالادب العالمى
650 0 4 _aالادب العالمى المترجم
942 _2ddc
_cBK
999 _c40349
_d40349